| 000 | 00560nam a2200157 i 4500 | ||
|---|---|---|---|
| 001 | bgj | ||
| 100 | 1 | _aBURCKHARDT, Carl J. | |
| 245 | 1 | 0 |
_aBilder aus der Vergangenheit : _bMaria Theresia, Willibald Pirckheimer, Die Belagerung von La Rochelle, Die politischen Hintergründe der Belagerung von La Rochelle / _cCarl J. Burckhardt. |
| 260 |
_aFrankfurt am Main : _bFischer Bücherei, _c1956. |
||
| 300 |
_a169 S. ; _c18 cm. |
||
| 650 | 9 |
_aDeutsche Literatur _xEssay |
|
| 040 | _cBPK | ||
| 041 | 0 | _ager | |
| 942 | _cKS | ||
| 008 | s gw f |000 0 ger | ||
| 999 |
_c50592 _d50592 |
||
| 856 |
_uhttp://koha.tu.koszalin.pl/cgi-bin/koha/opac-detail.pl?biblionumber=50592 _yKatalog online BPK |
||